000 00909cam a2200181 4500
001 ##L133868
008 060614n2006 000 0 eng u
035 _a(Sirsi) u133868
041 0 _aeng
110 2 _aAME Capital
_94956
245 0 0 _aGlobal Real Estate Equity Analysis System
260 _aLondon
_bAME Capital
_c2006
520 _aDescribes the first analytical system to provide detailed information on more than 1 600 listed property companies in more than 55 countries. The system can be searched by both a wide range of financial and property criteria, and is targeted at investors buying shares in property companies. More than a quarter of the companies are REITs.
590 _aIKA200606
690 _aPROPERTY-PROPERTY FINANCE AND INVESTMENT-PROPERTY INVESTMENT MANAGEMENT
856 4 0 _uhttps://www.amecapital.co.uk/
_zView the item free of charge at www.amecapital.co.uk...
942 _n0
999 _c105490
_d105490